Hypoteční bankovnictví po třech letech

Rozvoj hypotečných obchodov v ČR. Charakteristika českého trhu hypotečných úverov a hypotečných záložných listov. Faktory ovplyvňujúce obchodovateľnosť hypotečných záložných listov. Zdokonalenie trhu hypotečných obchodov a jeho perspektívy.

Gespeichert in:
Bibliographische Detailangaben
1. Verfasser: Ševčík, Pavel
Weitere Verfasser: Pavelka, František
Format: Buchkapitel
Sprache:Tschechisch
Schlagworte:
Tags: Tag hinzufügen
Keine Tags, Fügen Sie das erste Tag hinzu!

MARC

LEADER 00000naa a2200000 4500
001 r030774
005 20230908085833.2
041 0 |a cze 
044 |a CZ 
245 1 0 |a Hypoteční bankovnictví po třech letech  |c Pavel Ševčík, František Pavelka 
520 |a Rozvoj hypotečných obchodov v ČR. Charakteristika českého trhu hypotečných úverov a hypotečných záložných listov. Faktory ovplyvňujúce obchodovateľnosť hypotečných záložných listov. Zdokonalenie trhu hypotečných obchodov a jeho perspektívy. 
610 2 0 |a banky hypotekárne 
610 2 0 |a úver hypotekárny 
610 2 0 |a listy záložné 
610 2 0 |a trh hypotekárny 
610 2 0 |a Česko 
100 1 |a Ševčík, Pavel 
700 1 |a Pavelka, František